[Event "IECG CN.2002.0.00278 email"]
[Site "IECG email"]
[Date "2002.01.23"]
[Round "?"]
[White "Venturas, Bob"]
[Black "Harris, Joshua"]
[Result "1-0"]
[WhiteElo "504"]
[BlackElo "800"]
[PlyCount "85"]
[EventDate "2002.01.23"]
[EventType "tourn (corr)"]
[EventRounds "6"]
[SourceTitle "Corr 2008"]
[Source "ChessBase"]
[SourceDate "2008.06.24"]
[SourceVersion "1"]
[SourceVersionDate "2008.06.24"]
[SourceQuality "1"]

1. e4 Nf6 2. e5 Nd5 3. d4 d6 4. h3 e6 5. Bc4 dxe5 6. dxe5 c6 7. Nf3 Bc5 8. Nd4 0-0 9. c3 Nd7 10. Bxd5 cxd5 11. Qg4 Nb6 12. 0-0 Nc4 13. b3 Na5 14. b4 Bxd4 15. cxd4 Nc4 16. Ba3 b5 17. Nc3 Nxa3 18. Rfe1 Nc2 19. a4 a6 20. axb5 Nxb4 21. Reb1 a5 22. Qe2 f6 23. f4 fxe5 24. Qxe5 Qf6 25. g3 Nd3 26. Qe3 Nxf4 27. gxf4 Qg6+ 28. Kh2 Rf5 29. Rg1 Qh6 30. Rg4 Qh5 31. Qg3 g6 32. Na4 Bb7 33. Nc5 Bc8 34. Re1 Kf7 35. Rh4 Rb8 36. Rxh5 Rxh5 37. Rb1 h6 38. b6 g5 39. b7 Rh4 40. fxg5 hxg5 41. Qxb8 Bxb7 42. Rxb7+ Kf6 43. Qe5+ 1-0